| 000 | 00614nam a2200193 i 4500 | ||
|---|---|---|---|
| 001 | 133763 | ||
| 003 | ES-MaACL | ||
| 005 | 20241115063037.0 | ||
| 007 | t| | ||
| 008 | 070828s1973 sp a |||| | spa d | ||
| 080 | _a159.9.072 | ||
| 100 | 1 |
_aRepollés, José _9239299 |
|
| 245 | 1 | 4 |
_aLos tests / _c[por el] profesor Karl Woolman [seud.] ; [traducción y adaptación al español, José Repollés Aguilar]. |
| 260 |
_aBarcelona : _bDe Gasso, _c[1973] |
||
| 300 |
_a414 p. : _bil. ; _c22 cm. |
||
| 650 |
_aTests psicológicos. _9147498 |
||
| 852 |
_aES-MaACL _jC-51894 |
||
| 999 |
_c133763 _d133763 |
||